End of the affair / (Record no. 82627)
[ view plain ]
| 000 -LEADER | |
|---|---|
| fixed length control field | 00688nam a2200253 a 4500 |
| 001 - CONTROL NUMBER | |
| control field | 82627 |
| 003 - CONTROL NUMBER IDENTIFIER | |
| rucl marc code | BD-RjUL |
| 005 - DATE AND TIME OF LATEST TRANSACTION | |
| control field | 20240116103940.0 |
| 008 - FIXED-LENGTH DATA ELEMENTS--GENERAL INFORMATION | |
| fixed length control field | 240116s1955 enk 000 0 eng d |
| 035 ## - SYSTEM CONTROL NUMBER | |
| System control number | (BD-RjUL)82627 |
| 040 ## - CATALOGING SOURCE | |
| Original cataloging agency | BGU |
| Language of cataloging | eng |
| Transcribing agency | BD-RjUL |
| 041 ## - LANGUAGE CODE | |
| Language code of text/sound track or separate title | eng |
| 082 ## - DEWEY DECIMAL CLASSIFICATION NUMBER | |
| Edition number | 23 |
| Classification number | 823.9 |
| Author mark and year | GRE 1955 |
| 100 1# - MAIN ENTRY--PERSONAL NAME | |
| Personal name | Greene, Graham, |
| Dates associated with a name | 1904-1991 |
| 9 (RLIN) | 10836 |
| 245 10 - TITLE STATEMENT | |
| Title | End of the affair / |
| Statement of responsibility, etc. | by Graham Greene |
| 250 ## - EDITION STATEMENT | |
| Edition statement | Uniform ed. |
| Edition statement | library ed. |
| 260 ## - PUBLICATION, DISTRIBUTION, ETC. (IMPRINT) | |
| Place of publication, distribution, etc. | London : |
| Name of publisher, distributor, etc. | William Heinemann, |
| Date of publication, distribution, etc. | 1955, 1959 |
| 300 ## - PHYSICAL DESCRIPTION | |
| Pagination | 237 p.; |
| Size | 18 cm. |
| 650 ## - SUBJECT ADDED ENTRY--TOPICAL TERM | |
| Topical term or geographic name as entry element | Adultery |
| 9 (RLIN) | 10850 |
| Topical term or geographic name as entry element | Male friendship |
| 9 (RLIN) | 10851 |
| Topical term or geographic name as entry element | Man-woman relationships |
| 9 (RLIN) | 5240 |
| 942 ## - ADDED ENTRY ELEMENTS (KOHA) | |
| Source of classification or shelving scheme | Dewey Decimal Classification |
| Koha item type | Books |
| Lost status | Source of classification or shelving scheme | Damaged status | Not for loan | Collection code | Permanent Location | Current Location | Shelving location | Date acquired | Source of acquisition | Cost, normal purchase price | Total Checkouts | Full call number | Date last seen | Copy number | Koha item type |
|---|---|---|---|---|---|---|---|---|---|---|---|---|---|---|---|
| Dewey Decimal Classification | Not For Loan | Fiction | Central Library, University of Rajshahi | Central Library, University of Rajshahi | Reading Room | 16/11/1957 | O.U.P. | 6.15 | 823.9 GRE 1955 | 16/01/2024 | C-1 | Books | |||
| Dewey Decimal Classification | Fiction | Central Library, University of Rajshahi | Central Library, University of Rajshahi | General Stacks | 06/04/1964 | Zeitlinger | 15.00 | 823.9 GRE 1959 | 16/01/2024 | C-1 | Books |